| 000 | 01655cam a2200445 a 4500 | ||
|---|---|---|---|
| 001 | 21988 | ||
| 003 | VRT | ||
| 005 | 20260317093537.0 | ||
| 008 | 240709s1998 xo gr 000 f slo | ||
| 015 | _aSNBA1999/02-00605 | ||
| 020 |
_a8071186309 _q(viazané) |
||
| 035 | _aSNK000302892 | ||
| 035 | _aurn:nbn:sk:snk-amkik8 | ||
| 035 | _aurn:nbn:sk:snk-am008fbx | ||
| 035 | _a93A7F44D-E1BB-4DC0-B3F6-3E61404902DD | ||
| 039 | 9 |
_a202408190906 _bmsnk160 _c202407090840 _dVLOAD _c202403181741 _dVLOAD _c202402262114 _dVLOAD |
|
| 040 |
_aSNK _bslo _cSNK _eAACR2 |
||
| 041 | 1 |
_aslo _heng |
|
| 044 |
_axo _cSK |
||
| 072 | 7 |
_a821.111(73)-3 _xAmerická próza _2konspekt |
|
| 072 | 7 |
_a821-31/-34 _xĽúbostná, dobrodružná, fantastická próza _2konspekt |
|
| 080 |
_a821.111(73)-31 _22011 |
||
| 080 |
_a(0:82-312.5) _22011 |
||
| 100 | 1 |
_aLindsey, Johana, _d1952-2017 _4aut |
|
| 240 | 1 | 0 |
_aSo speaks the heart _lSlovensky |
| 245 | 1 | 0 |
_aSila lásky _cJohanna Lindseyová ; [z anglického originálu So speaks the heart ... preložila Tatiana Ruppeldtová] |
| 260 |
_aBratislava _bIkar _c1998 |
||
| 300 |
_a224 strán _c21 cm |
||
| 655 | 7 |
_aamerické romány _2SNKPH |
|
| 655 | 7 |
_aľúbostné romány _2SNKPH |
|
| 700 | 1 |
_aRuppeldtová, Tatiana, _d1921-2006 _4trl |
|
| 942 |
_2ddc _cKLDO _n0 |
||
| 949 |
_62889144256 _asavukPV 1342 |
||
| 949 |
_6273K0101986 _asvkpoA 174373 _bsvkpo434209 |
||
| 949 |
_6270001000013489 _asvkbbA 99436 _p625.983 |
||
| 949 |
_617A0171319 _asnkSC 97308 _bsnkKSP 11027/98 _s6100:20140925 |
||
| 949 |
_617A0171321 _asnkSC 97308 D1 _bsnkKSP 11028/98 |
||
| 999 |
_c21988 _d21988 |
||